000 00572nam a2200181 i 4500
001 52672
003 ES-MaACL
005 20230906162626.0
007 t|
008 030902s1935 cl |||| | spa d
080 _a821.133.1 Godoy, Armand 1.07
100 1 _aDeambrosis Martins, Carlos.
_943091
245 1 0 _aArmando Godoy, poeta francés
_b: el hombre, ritmismo, musicismo, misticismo /
_cCarlos Deambrosis Martins.
260 _aSantiago de Chile :
_bErcilla,
_c1935.
300 _a361 p. ;
_c20 cm.
600 1 4 _aGodoy, Armand.
_9162945
852 _aES-MaACL
_jA-4042
999 _c52672
_d52672